Thức ăn sống dùng trong chăn nuôi lợn
محفوظ في:
| المؤلف الرئيسي: | |
|---|---|
| التنسيق: | كتاب |
| اللغة: | Undetermined |
| منشور في: |
Hà Nội
KHKT
1971
|
| الموضوعات: | |
| الوسوم: |
إضافة وسم
لا توجد وسوم, كن أول من يضع وسما على هذه التسجيلة!
|
| Thư viện lưu trữ: | Trung tâm Học liệu Trường Đại học Cần Thơ |
|---|
| LEADER | 00659nam a2200181Ia 4500 | ||
|---|---|---|---|
| 001 | CTU_14085 | ||
| 008 | 210402s9999 xx 000 0 und d | ||
| 082 | |a 636.4085 | ||
| 082 | |b B105 | ||
| 100 | |a ủy ban Khoa học kỹ thuật Nhà Nước - Ban Nông Lâm Nghiệp | ||
| 245 | 0 | |a Thức ăn sống dùng trong chăn nuôi lợn | |
| 245 | 0 | |c ủy ban Khoa học kỹ thuật Nhà Nước - Ban Nông Lâm Nghiệp | |
| 260 | |a Hà Nội | ||
| 260 | |b KHKT | ||
| 260 | |c 1971 | ||
| 650 | |a swine - breeding,swine - feeding and feeds | ||
| 904 | |i Minh, 961230 | ||
| 980 | |a Trung tâm Học liệu Trường Đại học Cần Thơ | ||